[Event "2. Bundesliga Mitte 2012/2013"]
[Site "Bad Schallerbach"]
[Date "2012.10.21"]
[Round "3"]
[Board "6"]
[White "Sandner, Wolfgang"]
[Black "Lautner, Josef"]
[Result "1/2-1/2"]
[WhiteElo "2209"]
[BlackElo "2193"]
[PlyCount "91"]
[EventDate "2012.10.19"]
[EventType "team"]
[EventRounds "11"]
[EventCountry "AUT"]
[WhiteTeam "RbEJ Gleisdorf"]
[BlackTeam "Spg. Sauwald"]

1. e4 Nf6 2. Nc3 d5 3. exd5 Nxd5 4. Bc4 Nb6 5. Bb3 Nc6 6. a4 a5 7. Qf3 e6 8.
Nge2 g6 9. d3 Bg7 10. Qg3 Ne7 11. h4 Bd7 12. h5 Nf5 13. Qh2 g5 14. h6 Bf8 15.
Ne4 Rg8 16. Qe5 Be7 17. Bd2 f6 18. Qh2 Rg6 19. f4 g4 20. Qg1 Nd5 21. Nd4 Nxd4
22. Qxd4 Bc6 23. O-O-O Qd7 24. f5 exf5 25. Nc5 Bxc5 26. Qxc5 O-O-O 27. Qxa5 b6
28. Qa6+ Bb7 29. Qc4 Qd6 30. Rde1 f4 31. Rh5 Rg5 32. Rxg5 fxg5 33. Qe4 Qxh6 34.
Qf5+ Kb8 35. Qxg4 Qg6 36. Re5 h6 37. a5 bxa5 38. Re6 Qg7 39. Qh5 Rd6 40. Qe8+
Ka7 41. Rxd6 cxd6 42. Qb5 Qd4 43. Qxa5+ Kb8 44. Qd8+ Ka7 45. Qa5+ Kb8 46. Qd8+
1/2-1/2

[Event "2. Bundesliga Mitte 2012/2013"]
[Site "Bad Schallerbach"]
[Date "2012.10.21"]
[Round "3"]
[Board "1"]
[White "Haba, Petr"]
[Black "Freitag, Manfred"]
[Result "1-0"]
[WhiteElo "2463"]
[BlackElo "2385"]
[PlyCount "87"]
[EventDate "2012.10.19"]
[EventType "team"]
[EventRounds "11"]
[EventCountry "AUT"]
[WhiteTeam "Spg. Grieskirchen/B.Schallerbach"]
[BlackTeam "ESV Austria Graz"]

1. e4 e5 2. Nf3 Nc6 3. Bb5 a6 4. Ba4 Nf6 5. O-O Be7 6. Re1 b5 7. Bb3 O-O 8. c3
Na5 9. Nxe5 Nxb3 10. axb3 Bb7 11. d3 d5 12. exd5 Qxd5 13. Qf3 Bd6 14. Qxd5 Nxd5
15. Nf3 Rfe8 16. Bd2 Rxe1+ 17. Nxe1 c5 18. c4 Nc7 19. Nc3 b4 20. Na4 Ne6 21.
Be3 f5 22. f3 Rd8 23. Kf1 Be7 24. Bf2 g5 25. Rd1 g4 26. Rd2 Kf7 27. Re2 Bd6 28.
Rxe6 Kxe6 29. Nxc5+ Bxc5 30. Bxc5 a5 31. d4 gxf3 32. gxf3 Ra8 33. d5+ Kf7 34.
Nd3 a4 35. Ne5+ Ke8 36. Bxb4 axb3 37. d6 Ra4 38. d7+ Kd8 39. Bd2 Kc7 40. Bg5
Ra8 41. Ke2 f4 42. Kd3 Rg8 43. Be7 Bc8 44. d8=Q+ 1-0

[Event "2. Bundesliga Mitte 2012/2013"]
[Site "Bad Schallerbach"]
[Date "2012.10.21"]
[Round "3"]
[Board "2"]
[White "Karner, Christoph"]
[Black "Kilgus, Georg"]
[Result "1/2-1/2"]
[WhiteElo "2304"]
[BlackElo "2400"]
[PlyCount "62"]
[EventDate "2012.10.19"]
[EventType "team"]
[EventRounds "11"]
[EventCountry "AUT"]
[WhiteTeam "ESV Austria Graz"]
[BlackTeam "Spg. Grieskirchen/B.Schallerbach"]

1. d4 Nf6 2. c4 g6 3. Nc3 d5 4. Nf3 Bg7 5. Bg5 Ne4 6. cxd5 Nxg5 7. Nxg5 e6 8.
Nf3 exd5 9. e3 a5 10. Be2 c6 11. O-O O-O 12. a3 Be6 13. b4 axb4 14. axb4 Nd7
15. Na4 b5 16. Nc5 Nxc5 17. bxc5 Qc7 18. Qd2 Ra7 19. Ra2 Rfa8 20. Rfa1 Bf6 21.
Ne1 Bd8 22. Nd3 Bd7 23. g4 f6 24. f4 Rxa2 25. Rxa2 Rxa2 26. Qxa2 Qa5 27. Qxa5
Bxa5 28. h4 Kf7 29. Kf2 Bd2 30. Bd1 Bc8 31. g5 Bf5 1/2-1/2

[Event "2. Bundesliga Mitte 2012/2013"]
[Site "Bad Schallerbach"]
[Date "2012.10.21"]
[Round "3"]
[Board "3"]
[White "Singer, Christoph"]
[Black "Aschenbrenner, Robert"]
[Result "1-0"]
[WhiteElo "2325"]
[BlackElo "2264"]
[PlyCount "63"]
[EventDate "2012.10.19"]
[EventType "team"]
[EventRounds "11"]
[EventCountry "AUT"]
[WhiteTeam "Spg. Grieskirchen/B.Schallerbach"]
[BlackTeam "ESV Austria Graz"]

1. e4 c6 2. d4 d5 3. exd5 cxd5 4. Bd3 Nc6 5. c3 Qc7 6. h3 Nf6 7. Nf3 g6 8. O-O
Bf5 9. Bxf5 gxf5 10. Qe2 e6 11. c4 dxc4 12. Qxc4 O-O-O 13. Nc3 a6 14. Bg5 Be7
15. Rac1 Rhg8 16. Rfe1 Kb8 17. b4 Rxg5 18. Nxg5 Rxd4 19. Qe2 Bxb4 20. Red1 Bxc3
21. Rxc3 Nd5 22. Rcc1 h6 23. Nf3 Re4 24. Qb2 Qb6 25. Qh8+ Ka7 26. Rb1 Qc7 27.
Rdc1 Nf4 28. Kh1 Nd3 29. Rc2 Rf4 30. Qc3 Qd6 31. Rd2 Ncb4 32. a3 1-0

[Event "2. Bundesliga Mitte 2012/2013"]
[Site "Bad Schallerbach"]
[Date "2012.10.21"]
[Round "3"]
[Board "4"]
[White "Fahrner, Kurt"]
[Black "Schwabeneder, Florian"]
[Result "1/2-1/2"]
[WhiteElo "2378"]
[BlackElo "2291"]
[PlyCount "70"]
[EventDate "2012.10.19"]
[EventType "team"]
[EventRounds "11"]
[EventCountry "AUT"]
[WhiteTeam "ESV Austria Graz"]
[BlackTeam "Spg. Grieskirchen/B.Schallerbach"]

1. d4 Nf6 2. c4 d6 3. Nc3 e5 4. Nf3 Nbd7 5. e4 Be7 6. Be2 O-O 7. O-O c6 8. Be3
a6 9. d5 cxd5 10. cxd5 b5 11. b4 Bb7 12. Nd2 Rc8 13. Rc1 Nb6 14. Qb3 Nfd7 15.
a4 bxa4 16. Nxa4 Rxc1 17. Rxc1 Bg5 18. Nc5 dxc5 19. bxc5 Bxe3 20. Qxe3 Nxd5 21.
exd5 Bxd5 22. c6 Qc7 23. Bf3 Nf6 24. Bxd5 Nxd5 25. Qc5 Nf4 26. Qc4 Rd8 27. Ne4
a5 28. Nc3 Rd4 29. Qa6 Qd8 30. g3 Ne6 31. Nb5 Rd1+ 32. Rxd1 Qxd1+ 33. Kg2 Nf4+
34. gxf4 Qg4+ 35. Kf1 Qd1+ 1/2-1/2

[Event "2. Bundesliga Mitte 2012/2013"]
[Site "Bad Schallerbach"]
[Date "2012.10.21"]
[Round "3"]
[Board "5"]
[White "Humer, Wolfgang"]
[Black "Ebner, Hubert"]
[Result "1-0"]
[WhiteElo "2268"]
[BlackElo "2222"]
[PlyCount "115"]
[EventDate "2012.10.19"]
[EventType "team"]
[EventRounds "11"]
[EventCountry "AUT"]
[WhiteTeam "Spg. Grieskirchen/B.Schallerbach"]
[BlackTeam "ESV Austria Graz"]

1. e4 c6 2. d3 d5 3. Nd2 e5 4. Ngf3 Bd6 5. g3 Nf6 6. Bg2 O-O 7. O-O Re8 8. Re1
Bg4 9. c3 Nbd7 10. Nf1 h6 11. Ne3 Be6 12. Nh4 dxe4 13. dxe4 Nc5 14. Qc2 a5 15.
b3 Bf8 16. Rd1 Qc7 17. Bb2 Red8 18. c4 Rxd1+ 19. Rxd1 Nfd7 20. Ba1 Qb6 21. Bc3
Na6 22. Bf3 f6 23. Bg4 Bxg4 24. Nxg4 Ndc5 25. Nf5 Rd8 26. Nfxh6+ Kh7 27. Rxd8
Qxd8 28. Nf5 Nb4 29. Qe2 Nxa2 30. Qxa2 Qd1+ 31. Kg2 Nxe4 32. Nxf6+ gxf6 33.
Qxa5 Qe2 34. Be1 Ng5 35. Nh4 Qe4+ 36. Kg1 b6 37. Qd2 Bc5 38. b4 Bd4 39. Qd1
Nh3+ 40. Kf1 Qh1+ 41. Ke2 Nxf2 42. Bxf2 Qxd1+ 43. Kxd1 Bxf2 44. Ke2 Bd4 45. Kd3
Bf2 46. Nf5 Kg6 47. Ne7+ Kg5 48. Nxc6 Kg4 49. Ke4 Kh3 50. Ne7 Kxh2 51. Nd5 Kxg3
52. Nxf6 Be1 53. b5 Kf2 54. Nd7 Ba5 55. Nxe5 Ke2 56. Kd5 Kd2 57. Nc6 Bc3 58. c5
1-0

[Event "2. Bundesliga Mitte 2012/2013"]
[Site "Bad Schallerbach"]
[Date "2012.10.21"]
[Round "3"]
[Board "6"]
[White "Spindelboeck, Gernot"]
[Black "Hainzinger, Johann"]
[Result "1-0"]
[WhiteElo "2233"]
[BlackElo "2122"]
[PlyCount "81"]
[EventDate "2012.10.19"]
[EventType "team"]
[EventRounds "11"]
[EventCountry "AUT"]
[WhiteTeam "ESV Austria Graz"]
[BlackTeam "Spg. Grieskirchen/B.Schallerbach"]

1. d4 g6 2. c4 Bg7 3. Nf3 d6 4. g3 c6 5. Bg2 Nf6 6. O-O O-O 7. Nc3 Na6 8. h3
Nd7 9. e4 e5 10. Be3 Qe7 11. Re1 Nc7 12. Qc2 b6 13. Rad1 Ba6 14. Bf1 Rac8 15.
Qa4 Nb8 16. b4 b5 17. cxb5 cxb5 18. Nxb5 Qd7 19. Nc3 Bxf1 20. Qxd7 Nxd7 21.
Kxf1 exd4 22. Bxd4 Bxd4 23. Nxd4 Na6 24. Nd5 Rc4 25. a3 Nb6 26. Nb5 Nc8 27. Rc1
Rxc1 28. Rxc1 Kg7 29. Rc6 Nb8 30. Rc7 a6 31. Nd4 Re8 32. f3 a5 33. b5 Kf8 34.
Rb7 Ne7 35. Nxe7 Rxe7 36. Rxb8+ Kg7 37. b6 Kf6 38. Nc6 Rd7 39. Nxa5 d5 40. exd5
Rxd5 41. Ra8 1-0

[Event "2. Bundesliga Mitte 2012/2013"]
[Site "Wolfsberg"]
[Date "2012.11.24"]
[Round "4"]
[Board "2"]
[White "Steflitsch, Erich"]
[Black "Kuba, Guenter"]
[Result "1-0"]
[WhiteElo "2382"]
[BlackElo "2387"]
[PlyCount "85"]
[EventDate "2012.10.19"]
[EventType "team"]
[EventRounds "11"]
[EventCountry "AUT"]
[WhiteTeam "Schachverein Wolfsberg"]
[BlackTeam "Schachklub Sparkasse Fuerstenfeld"]

1. d4 d5 2. c4 e6 3. Nc3 Be7 4. Nf3 Nf6 5. Bg5 O-O 6. e3 h6 7. Bh4 b6 8. Bxf6
Bxf6 9. Qd2 Bb7 10. cxd5 exd5 11. O-O-O Nd7 12. h4 Re8 13. Bd3 c5 14. g4 g6 15.
g5 hxg5 16. hxg5 Bg7 17. Ne2 c4 18. Bc2 b5 19. Nh2 Qe7 20. Ng4 b4 21. Nh6+ Kf8
22. Nf4 c3 23. Qe2 cxb2+ 24. Kb1 Qd6 25. Qf3 Re4 26. Nh5 Bxh6 27. gxh6 gxh5 28.
h7 Ke7 29. Qxh5 Rh8 30. f3 Nf6 31. Qg5 Re6 32. Bf5 Kf8 33. Bxe6 Qxe6 34. Rh6
Ke7 35. e4 dxe4 36. Qc5+ Kd7 37. Qxa7 Qa6 38. Qxa6 Bxa6 39. Rxf6 Bd3+ 40. Kxb2
Rxh7 41. Rd2 Rh1 42. Kb3 Ke7 43. Rf4 1-0

[Event "2. Bundesliga Mitte 2012/2013"]
[Site "Wolfsberg"]
[Date "2012.11.24"]
[Round "4"]
[Board "3"]
[White "Radnetter, Georg"]
[Black "Reichmann, Egon"]
[Result "1/2-1/2"]
[WhiteElo "2278"]
[BlackElo "2269"]
[PlyCount "62"]
[EventDate "2012.10.19"]
[EventType "team"]
[EventRounds "11"]
[EventCountry "AUT"]
[WhiteTeam "Schachklub Sparkasse Fuerstenfeld"]
[BlackTeam "Schachverein Wolfsberg"]

1. Nf3 d5 2. d4 c6 3. c4 e6 4. Nc3 dxc4 5. a4 Bb4 6. e3 b5 7. Bd2 a5 8. axb5
Bxc3 9. Bxc3 cxb5 10. b3 Bb7 11. bxc4 b4 12. Bb2 Nf6 13. Bd3 O-O 14. O-O Nbd7
15. Re1 Re8 16. c5 Qc7 17. e4 Bc6 18. Bc2 Qb7 19. Nd2 Red8 20. f4 b3 21. Bxb3
a4 22. d5 exd5 23. Bxf6 Nxf6 24. Bxa4 dxe4 25. Bxc6 Qxc6 26. Rxa8 Qxc5+ 27. Kh1
Rxa8 28. Nxe4 Nxe4 29. Rxe4 Qd5 30. Rd4 Qc5 31. h3 g6 1/2-1/2

[Event "2. Bundesliga Mitte 2012/2013"]
[Site "Wolfsberg"]
[Date "2012.11.24"]
[Round "4"]
[Board "5"]
[White "Hatzl, Stefan"]
[Black "Hresc, Vladimir"]
[Result "0-1"]
[WhiteElo "2183"]
[BlackElo "2399"]
[PlyCount "92"]
[EventDate "2012.10.19"]
[EventType "team"]
[EventRounds "11"]
[EventCountry "AUT"]
[WhiteTeam "Schachklub Sparkasse Fuerstenfeld"]
[BlackTeam "Schachverein Wolfsberg"]

1. e4 c6 2. Nc3 d5 3. Qe2 Nf6 4. d3 e6 5. g4 d4 6. Nb1 e5 7. g5 Nfd7 8. h4 c5
9. Bh3 Nc6 10. Nf3 Bd6 11. Na3 Nf8 12. Nc4 Bxh3 13. Rxh3 Ne6 14. Bd2 Bc7 15. a4
Qd7 16. Rh1 O-O-O 17. O-O-O b6 18. h5 Kb7 19. g6 hxg6 20. hxg6 f6 21. Nh4 Ne7
22. b3 a6 23. Qg4 b5 24. Nb2 Nf8 25. Qg2 Qe8 26. Nf5 Qxg6 27. Qxg6 Nfxg6 28.
Nxg7 Rdg8 29. Nh5 f5 30. exf5 Nxf5 31. Nf6 Rg7 32. Rxh8 Nxh8 33. axb5 axb5 34.
Ne4 Kc6 35. b4 c4 36. c3 Nf7 37. Kc2 N7d6 38. Nxd6 Nxd6 39. f4 e4 40. dxe4 Nxe4
41. cxd4 Rg2 42. d5+ Kxd5 43. Kc1 Rxd2 44. Rxd2+ Nxd2 45. Kxd2 Bxf4+ 46. Kc2
Bd6 0-1

[Event "2. Bundesliga Mitte 2012/2013"]
[Site "Wolfsberg"]
[Date "2012.11.24"]
[Round "4"]
[Board "6"]
[White "Toefferl, Heimo"]
[Black "Hatzl, Johannes"]
[Result "1/2-1/2"]
[WhiteElo "2136"]
[BlackElo "2125"]
[PlyCount "65"]
[EventDate "2012.10.19"]
[EventType "team"]
[EventRounds "11"]
[EventCountry "AUT"]
[WhiteTeam "Schachverein Wolfsberg"]
[BlackTeam "Schachklub Sparkasse Fuerstenfeld"]

1. d4 d5 2. c4 e6 3. Nc3 c6 4. Nf3 dxc4 5. e4 b5 6. a4 Bb4 7. Bd2 Nf6 8. e5
Bxc3 9. bxc3 Ne4 10. Qb1 Qd5 11. Be2 Bb7 12. O-O a6 13. Rd1 Nxd2 14. Nxd2 Qd7
15. Ne4 O-O 16. Nd6 Qc7 17. f4 Nd7 18. Nxb7 Qxb7 19. Bxc4 Nb6 20. Bd3 g6 21.
axb5 axb5 22. Be4 Nd5 23. Bxd5 cxd5 24. g4 Qc6 25. Qd3 Rxa1 26. Rxa1 Rc8 27.
Ra3 b4 28. cxb4 Qc1+ 29. Kg2 Rc2+ 30. Kh3 Qb2 31. Qg3 Qxd4 32. f5 exf5 33. gxf5
1/2-1/2

[Event "2. Bundesliga Mitte 2012/2013"]
[Site "Wolfsberg"]
[Date "2012.11.24"]
[Round "4"]
[Board "1"]
[White "Pilaj, Herwig"]
[Black "Handler, Lukas"]
[Result "0-1"]
[WhiteElo "2345"]
[BlackElo "2369"]
[PlyCount "102"]
[EventDate "2012.10.19"]
[EventType "team"]
[EventRounds "11"]
[EventCountry "AUT"]
[WhiteTeam "SC Die Klagenfurter"]
[BlackTeam "Schachclub MPOE Maria Saal"]

1. Nf3 Nf6 2. c4 e6 3. g3 d5 4. Bg2 dxc4 5. Qa4+ Nbd7 6. Qxc4 c5 7. a4 b6 8.
O-O Bb7 9. Na3 a6 10. d3 Bd6 11. Bf4 Qc7 12. Bxd6 Qxd6 13. Qc3 O-O 14. Nc4 Qe7
15. Nfe5 Bxg2 16. Kxg2 Nd5 17. Nc6 Qg5 18. Qc1 Qh5 19. f3 Rac8 20. g4 Qh4 21.
N6e5 Nxe5 22. Nxe5 f5 23. Qd2 f4 24. Kh1 Ne3 25. Rg1 Rcd8 26. Rac1 g5 27. Nc4
Nd5 28. Qe1 Qh3 29. Qf1 Qh6 30. Qf2 Qf6 31. b3 a5 32. Kg2 Rf7 33. h4 Rg7 34. h5
Rb7 35. Rgd1 Nb4 36. Rd2 Rd4 37. Kf1 e5 38. Rdd1 Qe6 39. Kg1 Rbd7 40. Qf1 h6
41. Kf2 Nd5 42. Qe1 Ne3 43. Nxe3 fxe3+ 44. Kxe3 Qxb3 45. Rb1 Qxa4 46. Rxb6 Rxg4
47. Kf2 Rh4 48. Rxh6 Rf7 49. Qd2 Rh2+ 50. Kg1 Qh4 51. Rg6+ Kh7 0-1

[Event "2. Bundesliga Mitte 2012/2013"]
[Site "Wolfsberg"]
[Date "2012.11.24"]
[Round "4"]
[Board "4"]
[White "Halvax, Georg"]
[Black "Singer, Hans"]
[Result "1/2-1/2"]
[WhiteElo "2282"]
[BlackElo "2229"]
[PlyCount "43"]
[EventDate "2012.10.19"]
[EventType "team"]
[EventRounds "11"]
[EventCountry "AUT"]
[WhiteTeam "Schachclub MPOE Maria Saal"]
[BlackTeam "SC Die Klagenfurter"]

1. e4 e5 2. Nf3 Nc6 3. Bb5 Nf6 4. O-O Bc5 5. c3 O-O 6. d4 Bb6 7. Bg5 h6 8. Bh4
d6 9. d5 Ne7 10. Bxf6 gxf6 11. Nh4 f5 12. Qh5 fxe4 13. Qxh6 Nxd5 14. Ng6 fxg6
15. Qxg6+ Kh8 16. Qh6+ Kg8 17. Bc4 c6 18. Qg6+ Kh8 19. Qh6+ Kg8 20. Qg6+ Kh8
21. Qh6+ Kg8 22. Qg6+ 1/2-1/2

[Event "2. Bundesliga Mitte 2012/2013"]
[Site "Wolfsberg"]
[Date "2012.11.24"]
[Round "4"]
[Board "5"]
[White "Titz, Heimo"]
[Black "Kreisl, Robert"]
[Result "1/2-1/2"]
[WhiteElo "2168"]
[BlackElo "2419"]
[PlyCount "149"]
[EventDate "2012.10.19"]
[EventType "team"]
[EventRounds "11"]
[EventCountry "AUT"]
[WhiteTeam "SC Die Klagenfurter"]
[BlackTeam "Schachclub MPOE Maria Saal"]

1. Nf3 d5 2. c4 e6 3. g3 Nf6 4. Bg2 dxc4 5. Qa4+ Nbd7 6. O-O a6 7. Qxc4 b5 8.
Qc2 Bb7 9. a4 c5 10. axb5 axb5 11. Rxa8 Qxa8 12. d3 Be7 13. Na3 Bc6 14. Bg5 O-O
15. Rc1 h6 16. Bxf6 Bxf6 17. Nb1 Rc8 18. Nbd2 Bb7 19. b3 Qa7 20. Ne1 Bxg2 21.
Kxg2 Ra8 22. Nef3 Be7 23. e3 Qb7 24. d4 cxd4 25. exd4 Nf6 26. Qc7 Qxc7 27. Rxc7
Nd5 28. Rb7 b4 29. Kf1 Ra2 30. Ke2 f6 31. h4 g5 32. hxg5 hxg5 33. Kd3 Rb2 34.
Ne1 g4 35. Nc2 Bf8 36. Ne3 Bh6 37. Nec4 Ra2 38. Ne3 Bxe3 39. fxe3 f5 40. Rd7
Kf8 41. Rb7 Rb2 42. Ra7 Nf6 43. Rb7 Nd5 44. Ra7 Nf6 45. Rb7 Nh5 46. Rxb4 Nxg3
47. Ra4 Ne4 48. Nxe4 fxe4+ 49. Kxe4 Rxb3 50. Ra5 Ke7 51. Rg5 Kd6 52. Rxg4 Ra3
53. Rg5 Ra8 54. Rb5 Rh8 55. Rb6+ Ke7 56. Kd3 Rh3 57. Ra6 Kd7 58. Rb6 Ke7 59.
Rb3 Kd6 60. Kc4 e5 61. Kd3 exd4 62. Kxd4 Ke7 63. Rb7+ Ke6 64. Rb6+ Ke7 65. e4
Ra3 66. Ke5 Ra5+ 67. Kf4 Ra1 68. Kf5 Ra2 69. Rb7+ Ke8 70. e5 Ra6 71. Rg7 Rb6
72. Rg6 Rxg6 73. Kxg6 Ke7 74. Kf5 Kf7 75. e6+ 1/2-1/2

[Event "2. Bundesliga Mitte 2012/2013"]
[Site "Wolfsberg"]
[Date "2012.11.24"]
[Round "4"]
[Board "6"]
[White "Ertl, Johann"]
[Black "Putz, Georg"]
[Result "1/2-1/2"]
[WhiteElo "2287"]
[BlackElo "2165"]
[PlyCount "79"]
[EventDate "2012.10.19"]
[EventType "team"]
[EventRounds "11"]
[EventCountry "AUT"]
[WhiteTeam "Schachclub MPOE Maria Saal"]
[BlackTeam "SC Die Klagenfurter"]

1. e4 e6 2. d4 d5 3. Nd2 f5 4. exf5 exf5 5. Ndf3 Nf6 6. Bg5 Be7 7. Bxf6 Bxf6 8.
Ne5 O-O 9. f4 c5 10. c3 cxd4 11. cxd4 Nc6 12. Ngf3 Qb6 13. Qd2 Be6 14. Be2 Rfc8
15. O-O Rc7 16. Kh1 Rac8 17. Rfc1 Nxe5 18. dxe5 Rxc1+ 19. Rxc1 Rxc1+ 20. Qxc1
Be7 21. Qc3 Qf2 22. Qe1 Qe3 23. Qd2 Qxd2 24. Nxd2 Bc5 25. g3 Be3 26. Nf3 d4 27.
b3 Bd5 28. Kg2 Be4 29. Bd1 Bb1 30. a4 d3 31. Kf1 a5 32. Ke1 Kf7 33. Nd2 Bc2 34.
Nf1 Bc1 35. Nd2 Ke6 36. Nc4 g5 37. fxg5 Bxg5 38. Na3 Bxd1 39. Kxd1 Kxe5 40.
Nc4+ 1/2-1/2

[Event "2. Bundesliga Mitte 2012/2013"]
[Site "Gleisdorf"]
[Date "2012.11.24"]
[Round "4"]
[Board "1"]
[White "Kovacs, Gabor"]
[Black "Karner, Christoph"]
[Result "0-1"]
[WhiteElo "2461"]
[BlackElo "2304"]
[PlyCount "66"]
[EventDate "2012.10.19"]
[EventType "team"]
[EventRounds "11"]
[EventCountry "AUT"]
[WhiteTeam "Union Styria Graz"]
[BlackTeam "ESV Austria Graz"]

1. d4 {[%emt 0:00:00]} Nf6 2. c4 e6 3. Nc3 Bb4 4. e3 b6 5. Nf3 O-O 6. Bd3 Bb7
7. O-O d5 8. a3 Bd6 9. cxd5 exd5 10. b4 a6 11. Qb3 Re8 12. a4 Nc6 13. Ba3 a5
14. b5 Nb4 15. Bf5 g6 16. Bh3 Ne4 17. Rad1 Qe7 18. Bb2 Rad8 19. g3 Ng5 20. Nxg5
Qxg5 21. Bg2 h5 22. Ne2 h4 23. Nf4 Kg7 24. Bc3 hxg3 25. hxg3 Rh8 26. Rc1 Bxf4
27. exf4 Qh5 28. Rfd1 Bc8 29. Bd2 Rde8 30. Be3 Bg4 31. Kf1 Bf3 32. Bxf3 Qxf3
33. Ke1 Rh2 0-1

[Event "2. Bundesliga Mitte 2012/2013"]
[Site "Gleisdorf"]
[Date "2012.11.24"]
[Round "4"]
[Board "2"]
[White "Aschenbrenner, Robert"]
[Black "Csonka, Attila"]
[Result "0-1"]
[WhiteElo "2264"]
[BlackElo "2425"]
[PlyCount "80"]
[EventDate "2012.10.19"]
[EventType "team"]
[EventRounds "11"]
[EventCountry "AUT"]
[WhiteTeam "ESV Austria Graz"]
[BlackTeam "Union Styria Graz"]

1. d4 {[%emt 0:00:00]} Nf6 2. c4 e6 3. Nf3 d5 4. Nc3 Be7 5. cxd5 exd5 6. Bg5 c6
7. Qc2 O-O 8. e3 Ne4 9. Nxe4 dxe4 10. Bxe7 Qxe7 11. Nd2 Bf5 12. Be2 Nd7 13. g4
Bg6 14. h4 h6 15. g5 hxg5 16. hxg5 c5 17. d5 c4 18. O-O-O Ne5 19. Rh2 Nd3+ 20.
Bxd3 cxd3 21. Rdh1 f6 22. Qb3 Qc5+ 23. Kb1 Qc2+ 24. Qxc2 dxc2+ 25. Kxc2 Rac8+
26. Kb3 Kf7 27. gxf6 Kxf6 28. Nb1 Bf7 29. Nc3 Kf5 30. f4 exf3 31. Rf2 Rxc3+ 32.
Kxc3 Bxd5 33. Rhf1 Ke4 34. Rd1 Kxe3 35. Rfd2 Be4 36. Re1+ Kf4 37. Rd4 Re8 38.
Kd2 f2 39. Rf1 Kg3 40. Rd7 g5 0-1

[Event "2. Bundesliga Mitte 2012/2013"]
[Site "Gleisdorf"]
[Date "2012.11.24"]
[Round "4"]
[Board "3"]
[White "Rogulj, Branko"]
[Black "Fahrner, Kurt"]
[Result "0-1"]
[WhiteElo "2430"]
[BlackElo "2378"]
[PlyCount "110"]
[EventDate "2012.10.19"]
[EventType "team"]
[EventRounds "11"]
[EventCountry "AUT"]
[WhiteTeam "Union Styria Graz"]
[BlackTeam "ESV Austria Graz"]

1. e4 {[%emt 0:00:00]} Nf6 2. e5 Nd5 3. d4 d6 4. Bc4 Nb6 5. Bb3 dxe5 6. Qh5 e6
7. dxe5 a5 8. a4 Na6 9. Nc3 Nc5 10. Ba2 Bd7 11. Nf3 Nbxa4 12. Bg5 Be7 13. Nxa4
Bxa4 14. Rd1 Bd7 15. Be3 O-O 16. O-O Qe8 17. Bxc5 Bxc5 18. Ng5 h6 19. Ne4 Be7
20. Nf6+ Bxf6 21. exf6 Kh7 22. fxg7 Rg8 23. Rd3 Rxg7 24. Rfd1 Bc6 25. g3 Be4
26. Rc3 f5 27. Qh4 Qe7 28. Qxe7 Rxe7 29. f3 Bc6 30. Kf2 Kg7 31. Ke3 Kf6 32. Rc5
a4 33. Rd4 a3 34. b3 Bd5 35. Rh4 Rh7 36. Rc3 Ra6 37. Rd3 b5 38. Rb4 Rb6 39. Rc3
c6 40. Kd4 e5+ 41. Kc5 Ra6 42. Re3 Be6 43. Rh4 h5 44. Rd3 Raa7 45. Rd6 Rhd7 46.
Rxc6 Rac7 47. Rxc7 Rxc7+ 48. Kb4 Rxc2 49. Kxa3 Rf2 50. Bb1 Rxf3 51. Bc2 Bf7 52.
Kb4 Kg5 53. Bd1 Rd3 54. Bc2 Re3 55. Bd1 f4 0-1

[Event "2. Bundesliga Mitte 2012/2013"]
[Site "Gleisdorf"]
[Date "2012.11.24"]
[Round "4"]
[Board "4"]
[White "Spindelboeck, Gernot"]
[Black "Danner, Georg"]
[Result "0-1"]
[WhiteElo "2233"]
[BlackElo "2344"]
[PlyCount "67"]
[EventDate "2012.10.19"]
[EventType "team"]
[EventRounds "11"]
[EventCountry "AUT"]
[WhiteTeam "ESV Austria Graz"]
[BlackTeam "Union Styria Graz"]

1. d4 {[%emt 0:00:00]} Nf6 2. c4 e6 3. Nc3 Bb4 4. e3 b6 5. Nf3 Bb7 6. Bd3 O-O
7. O-O c5 8. a3 Bxc3 9. bxc3 d5 10. cxd5 exd5 11. a4 Ba6 12. dxc5 Bxd3 13. Qxd3
bxc5 14. c4 Nc6 15. Bb2 Nb4 16. Qf5 Qc8 17. Qg5 h6 18. Qh4 Qe6 19. Bxf6 Qxf6
20. Qxf6 gxf6 21. cxd5 Rfd8 22. e4 f5 23. Nd2 Rac8 24. Rac1 {[%emt 0:00:00]}
fxe4 25. Nxe4 c4 {[%emt 0:00:00]} 26. Rfd1 Kf8 27. Nc3 Nd3 28. Rb1 Rb8 29. g3
Ke7 30. Kf1 Kd6 31. f4 Kc5 32. Ke2 Rb6 33. Rxb6 axb6 34. Ke3 0-1

[Event "2. Bundesliga Mitte 2012/2013"]
[Site "Gleisdorf"]
[Date "2012.11.24"]
[Round "4"]
[Board "5"]
[White "Wittmann, Walter"]
[Black "Schrittwieser, Herbert"]
[Result "1/2-1/2"]
[WhiteElo "2245"]
[BlackElo "2201"]
[PlyCount "64"]
[EventDate "2012.10.19"]
[EventType "team"]
[EventRounds "11"]
[EventCountry "AUT"]
[WhiteTeam "Union Styria Graz"]
[BlackTeam "ESV Austria Graz"]

1. e4 {[%emt 0:00:00]} e5 2. Nf3 Nf6 3. Nxe5 d6 4. Nf3 Nxe4 5. d4 d5 6. Bd3 Nc6
7. O-O Be7 8. Nc3 Bf5 9. Re1 Nxc3 10. bxc3 Bxd3 11. Qxd3 O-O 12. Re2 Qd7 13.
Bf4 Bf6 14. Rae1 h6 15. h3 a6 16. Nh2 Bg5 17. Bxg5 hxg5 18. Qg3 f6 19. Qf3 Rf7
20. Qh5 Re7 21. Rxe7 Nxe7 22. h4 gxh4 23. Qxh4 c6 24. Ng4 Ng6 25. Qh3 Rd8 26.
Re3 Nf4 27. Qg3 Nh5 28. Qh4 Qf7 29. Rh3 Re8 30. Ne3 g6 31. g4 Re4 32. Rf3 Nf4
1/2-1/2

[Event "2. Bundesliga Mitte 2012/2013"]
[Site "Gleisdorf"]
[Date "2012.11.24"]
[Round "4"]
[Board "6"]
[White "Pfaffel, Thomas"]
[Black "Pirker, Christian"]
[Result "0-1"]
[WhiteElo "2116"]
[BlackElo "2180"]
[PlyCount "63"]
[EventDate "2012.10.19"]
[EventType "team"]
[EventRounds "11"]
[EventCountry "AUT"]
[WhiteTeam "ESV Austria Graz"]
[BlackTeam "Union Styria Graz"]

1. e4 c5 2. Nf3 d6 3. d4 cxd4 4. Nxd4 Nf6 5. Nc3 a6 6. Bg5 e6 7. f4 h6 8. Bh4
Qb6 9. Qd2 Qxb2 10. Nb3 Qa3 11. Bd3 Nc6 12. O-O Be7 13. Bg3 O-O 14. Rae1 Qb4
15. Bf2 Na5 16. Rb1 Nc4 17. Qe1 Na3 18. Rd1 Bd7 19. e5 dxe5 20. fxe5 Nd5 21.
Nxd5 exd5 22. c3 Qg4 23. Nc5 Bb5 24. Nxb7 Bxd3 25. Rxd3 Qc4 26. Qd1 Nb5 27. Qf3
Rac8 28. Qxd5 Nxc3 29. Qxc4 Rxc4 30. Rd2 Bh4 31. g3 Bg5 32. h4 0-1

[Event "2. Bundesliga Mitte 2012/2013"]
[Site "Gleisdorf"]
[Date "2012.11.24"]
[Round "4"]
[Board "1"]
[White "Krebs, Johann"]
[Black "Meszaros, Tamas"]
[Result "1/2-1/2"]
[WhiteElo "2243"]
[BlackElo "2426"]
[PlyCount "84"]
[EventDate "2012.10.19"]
[EventType "team"]
[EventRounds "11"]
[EventCountry "AUT"]
[WhiteTeam "StrassenbahnGraz"]
[BlackTeam "RbEJ Gleisdorf"]

1. d4 Nf6 2. c4 e6 3. Nc3 Bb4 4. Qc2 O-O 5. Nf3 b6 6. Bg5 Bb7 7. e3 d6 8. Bd3
h6 9. Bh4 Nbd7 10. O-O Bxc3 11. Qxc3 Bxf3 12. gxf3 g5 13. Bg3 Nh5 14. Be2 f5
15. f4 Ndf6 16. Qd3 Qd7 17. fxg5 hxg5 18. f4 Nxg3 19. hxg3 g4 20. Rfe1 Qh7 21.
Bf1 Ne4 22. Re2 Nxg3 23. Rh2 Qg6 24. Bg2 Ne4 25. Bxe4 fxe4 26. Qe2 Kf7 27. Kg2
Rh8 28. Rah1 Rh3 29. c5 Rah8 30. cxd6 cxd6 31. Qb5 Rxh2+ 32. Rxh2 Rxh2+ 33.
Kxh2 Qh6+ 34. Kg1 g3 35. Qe2 d5 36. Qg2 Qh4 37. Qh1 Qg4 38. Qh7+ Ke8 39. Qc7
Qh3 40. Qc8+ Ke7 41. Qc7+ Kf6 42. Qd8+ Kf7 1/2-1/2